000 00776nam a22002417a 4500
999 _c107499
_d107499
005 20200220154524.0
010 _aA-556124
020 _c110.00
035 _aA-556124
037 _bCen Lib/Ret
082 _aک
_bم ش ر
100 _aمشرّف عالم ذوقی
245 _aبھوکا ایتھوپیا /
_cمشرّف عالم ذوقی
246 _aBhooka ethopiya /
_bby Mushrraf Alam Zoqi
260 _bتخلیکر پبلشرس
_aنیی دہلی
_c1993 ء
270 _bنیی دہلی
_a١٧٧٩، کچہ دکھنی رہے دریاگنج
_e110002
300 _a304p.
_c21cm(Hb)
650 _aاردو ادب
650 _aاردو افسانے
650 _aUrdu literature
650 _aUrdu stories
942 _2ddc
_cUR
_hک
_mم ش ر